| 000 | 00882nam a22002537a 4500 | ||
|---|---|---|---|
| 999 |
_c3779 _d3779 |
||
| 003 | AR-CdUCM | ||
| 008 | 190307b ||||| |||| 00| 0 eng d | ||
| 020 | _a0-275-92132-8 | ||
| 040 |
_aMUNICIPALIDAD PROVINCIAL DEL CUSCO _cBIBLIOTECA MUNICIPAL DEL CUSCO |
||
| 041 | _heng | ||
| 082 |
_a321.4 / _bZ76 |
||
| 100 |
_aZimmerman, Joseph F _912207 |
||
| 245 |
_aDemocracia Participativa : _bEl resurgimiento del populismo / |
||
| 260 |
_aMexico : _bMinusa, _c1992. |
||
| 300 |
_a238 paginas ; _bcuadros, tablas, _c23cm. |
||
| 505 | _aContenido: Democracia participativa -- leyes -- Democracia por el plebiscito -- Elaboracion de las leyes -- La convocatoria... | ||
| 650 |
_aDemocracia _92598 |
||
| 650 |
_aLeyes _94808 |
||
| 650 |
_aConvocatoria _912208 |
||
| 650 |
_aNorteamerica _95078 |
||
| 700 |
_aGonzales Ruiz, Edgar Antonio _912209 |
||
| 942 |
_2ddc _cLIBROS |
||
| 945 | _apjha | ||